000
00331nam a2200145Ia 4500
005
20251222140107.0
008
251222s1900||||xx |||||||||||||| ||spa||
020
_a
9788495269546
082
_a
223.6/S29/T.II
100
_a
Schökel, Luis Alonso
245
0
_a
Salmos
250
_a
1ra. ed.
264
_b
Verbo Divino
942
_c
LIB
999
_c
4155
_d
4155